000 00758nam a2200205Ia 4500
001 15445
003 GE_BSU
008 181216s||||||||xx |||||||||||||| ||und||
040 _cGE_BSU
080 _a821.353.1-1+821.353.1-11
100 _aჩიქოვანი,სიმონ
245 _aლექსები და პოემები. წიგნი პირველი: 1924-1933
245 _cრედ.ბორის ჩხეიძე. მხატვ.ნ.ჩერნიშკოვი
260 _aტფილისი
260 _bსახელგამი
260 _c1933
300 _a339გვ.პორტრ.და ფაქს.18სმ.
653 _aლექსები და პოემები.
942 _cBK
999 _c48548
_d48548